000 00600nam a2200241Ia 4500
003 OSt
005 20220912150333.0
006 a|||||r|||| 00| 0
007 ta
008 220909b |||||||| |||| 00| 0 eng d
024 _a51156
037 _cTextual
040 _aCSL
_beng
_cCSL
041 _aeng
082 _aI5xN75, L7
100 _aRoyal botanic gardens
245 0 _aKey record of trxonomic literature
260 _aLondon
_c1977
300 _axvi,416p.
_ccm.
650 _aBotany
942 _hI5xN75, L7
_cTEXL
_2CC
999 _c45198
_d45198